Les jeux vidéos les plus vendues de tous les temps - Statistiques

Statistiques générales
  • Ce quiz a été pris 4 269 fois
  • Le résultat moyen est 7 sur 14
Statistiques - réponses
Exemplaires vendus Année de sortie Platformes Jeux % Correct
82.20 millions 2006 Wii Wii sport
75%
25.00 millions 2008 PlayStation 3, Xbox 360, Windows Grand Theft Auto IV
74%
27.50 millions 2004 PlayStation 2, Xbox, Windows, Mac OS X, Android, Windows Phone, PlayStation 3, Xbox 360 Grand Theft Auto: San Andreas
74%
34.00 millions 2013 PlayStation 3, Xbox 360, PlayStation 4, Xbox One, Windows Grand Theft Auto V
74%
35.53 millions 2008 Wii Mario Kart Wii
74%
54.00 millions 2009 Microsoft Windows, Mac OS X, Linux, Xbox 360, Xbox One, PlayStation 3, PlayStation 4 Minecraft
67%
26.20 millions 2010 PlayStation 3, Xbox 360, Windows, Wii, Nintendo DS Call of Duty: Black Ops
60%
26.50 milliions 2011 PlayStation 3, Xbox 360, Windows, Wii, Nintendo DS Call of Duty: Modern Warfare 3
60%
40.24 millions 1985 Nes Super Mario Bros
48%
29.54 millions 2006 DS New Super Mario Bros
14%
27.62 millions 2009 Wii New Super Mario Bros
14%
28.4.0 millions 2006 Wii Wii Play
8%
28.31 millions 1984 Nes Duck Hunt
7%
32.48 millions 2009 Wii Wii Sports Resort
6%
Aucun quiz correspondant
Distribution des résultats
% des personnes avec chaque résultat
Percentile par nombre de réponses
Votre historique - résultats
Vous n’avez pas pris ce quiz